All Wii Games - Statistics

General Stats
  • This quiz has been taken 205 times
  • The average score is 41 of 1637
Answer Stats
Answer % Correct
Wii Sports
83%
Mario Kart Wii
73%
Wii Sports Resort
66%
Wii Fit
62%
Super Mario Galaxy
59%
New Super Mario Bros. Wii
55%
Super Mario Galaxy 2
55%
Mario Party 8
53%
Mario Party 9
51%
Super Smash Bros. Brawl
51%
Wii Play
49%
Wii Party
48%
Just Dance
43%
Just Dance 2
40%
Wii Fit Plus
40%
Just Dance 3
38%
The Legend of Zelda: Skyward Sword
38%
Wii Music
38%
Just Dance 4
37%
The Legend of Zelda: Twilight Princess
35%
Mario & Sonic at the Olympic Games
29%
Donkey Kong Country Returns
27%
Super Paper Mario
27%
Punch-Out!!
24%
Rock Band
24%
Just Dance 2015
22%
Just Dance 2016
22%
Just Dance 2017
22%
Sonic Colors
22%
Animal Crossing: City Folk
21%
Just Dance 2014
21%
Just Dance 2020
21%
Mario Sports Mix
21%
Xenoblade Chronicles
21%
Cars
20%
FIFA 08
20%
FIFA 09
20%
FIFA 12
20%
FIFA 13
20%
FIFA 14
20%
Just Dance 2018
20%
Just Dance 2019
20%
Lego Star Wars: The Complete Saga
20%
Sonic Unleashed
20%
Super Mario All-Stars
20%
Toy Story 3
20%
WarioWare: Smooth Moves
20%
Wii Chess
20%
Wii Play: Motion
20%
Cars 2
19%
Disney/Pixar Brave
19%
FIFA 10
19%
FIFA 11
19%
FIFA 15
19%
Kirby's Return to Dream Land
19%
Link's Crossbow Training
19%
Mario Super Sluggers
19%
Call of Duty: Black Ops
18%
Rock Band 2
18%
Carnival Games
17%
Mario Strikers Charged
17%
Rock Band 3
17%
Kirby's Epic Yarn
16%
Lego Batman: The Videogame
16%
Mario & Sonic at the Olympic Winter Games
16%
Metroid: Other M
16%
Pokémon Battle Revolution
16%
Sonic and the Secret Rings
16%
Metroid Prime 3: Corruption
15%
Skylanders: Giants
15%
Lego Harry Potter: Years 1–4
14%
Lego Harry Potter: Years 5–7
14%
Lego Rock Band
14%
PokéPark Wii: Pikachu's Adventure
14%
Sonic and the Black Knight
14%
Wario Land: Shake It!
14%
Mario & Sonic at the London 2012 Olympic Games
13%
Ratatouille
13%
Skylanders: Swap Force
13%
Up
13%
Disney Infinity
12%
Fire Emblem: Radiant Dawn
12%
Guitar Hero 5
12%
Iron Man
12%
PokéPark 2: Wonders Beyond
12%
Skylanders: Spyro's Adventure
12%
The Amazing Spider-Man
12%
WALL-E
12%
AC/DC Live: Rock Band Track Pack
11%
Lego Batman 2: DC Super Heroes
11%
Rhythm Heaven Fever
11%
Skylanders: Trap Team
11%
De Blob
10%
Donkey Kong Barrel Blast
10%
Guitar Hero World Tour
10%
Ninjabread Man
10%
Ōkami
10%
Rayman Origins
10%
Rayman Raving Rabbids
10%
Red Steel
10%
Skylanders: SuperChargers
10%
Anubis II
9%
Call of Duty 3
9%
Call of Duty: Modern Warfare 3
9%
De Blob 2
9%
Deca Sports
9%
Excite Truck
9%
Fortune Street
9%
Iron Man 2
9%
Just Dance Kids
9%
Lego Indiana Jones 2: The Adventure Continues
9%
Lego Star Wars III: The Clone Wars
9%
Madden NFL 07
9%
Madden NFL 08
9%
Madden NFL 09
9%
Madden NFL 10
9%
Madden NFL 11
9%
Madden NFL 12
9%
Madden NFL 13
9%
MadWorld
9%
No More Heroes
9%
Pikmin (New Play Control!)
9%
Rabbids Go Home
9%
Red Steel 2
9%
Sonic & Sega All-Stars Racing
9%
Spider-Man 3
9%
Call of Duty: World at War
8%
Endless Ocean
8%
Game Party
8%
How to Train Your Dragon
8%
Kung Fu Panda
8%
Monster Hunter Tri
8%
MySims
8%
NBA 2K11
8%
NBA 2K12
8%
NBA 2K13
8%
Pikmin 2 (New Play Control!)
8%
Shrek the Third
8%
Sin & Punishment: Star Successor
8%
Star Wars: The Force Unleashed
8%
Super Monkey Ball: Banana Blitz
8%
The Beatles: Rock Band
8%
Toy Story Mania!
8%
Captain Rainbow
7%
Deal or No Deal
7%
GoldenEye 007
7%
Kung Fu Panda 2
7%
Lego Indiana Jones: The Original Adventures
7%
M&M's Kart Racing
7%
NBA 2K10
7%
No More Heroes 2: Desperate Struggle
7%
Pandora's Tower
7%
Rayman Raving Rabbids 2
7%
Resident Evil 4: Wii Edition
7%
Survivor
7%
The Incredible Hulk
7%
Wheel of Fortune
7%
Avatar: The Last Airbender
6%
Boom Blox
6%
Chicken Shoot
6%
Disney Epic Mickey
6%
Game Party 2
6%
Jeopardy!
6%
Monopoly
6%
Muramasa: The Demon Blade
6%
Rayman Raving Rabbids TV Party
6%
Sega Superstars Tennis
6%
The Last Story
6%
The Simpsons Game
6%
Wipeout 2
6%
Wipeout: The Game
6%
007: Quantum of Solace
5%
Action Girlz Racing
5%
Alvin and the Chipmunks
5%
Babysitting Mama
5%
Band Hero
5%
Big Brain Academy: Wii Degree
5%
Boogie
5%
Crash: Mind over Mutant
5%
Crash of the Titans
5%
Dead Space: Extraction
5%
Deca Sports 2
5%
DJ Hero
5%
Excitebots: Trick Racing
5%
FlingSmash
5%
Game Party 3
5%
Go Vacation
5%
Green Day: Rock Band
5%
Guitar Hero: Aerosmith
5%
Guitar Hero III: Legends of Rock
5%
Guitar Hero: Metallica
5%
Happy Feet
5%
Harry Potter and the Half-Blood Prince
5%
iCarly
5%
Just Dance Kids 2
5%
Kirby's Dream Collection
5%
Klonoa
5%
Lego Pirates of the Caribbean: The Video Game
5%
Mario Power Tennis (New Play Control!)
5%
Meet the Robinsons
5%
Metroid Prime 2 (New Play Control!)
5%
Metroid Prime (New Play Control!)
5%
Michael Jackson: The Experience
5%
M&M's Beach Party
5%
MySims Kingdom
5%
Pac-Man Party
5%
Shrek Forever After
5%
Silent Hill: Shattered Memories
5%
The Conduit
5%
The Dog Island
5%
The House of the Dead: Overkill
5%
The Price Is Right
5%
The Sims 3
5%
The Smurfs Dance Party
5%
Thor: God of Thunder
5%
Trauma Team
5%
Truth or Lies
5%
Wipeout 3
5%
Wreck-It Ralph
5%
Zack & Wiki: Quest for Barbaros' Treasure
5%
Ben 10: Alien Force
4%
Bolt
4%
Captain America: Super Soldier
4%
Cars Race-O-Rama
4%
Dokapon Kingdom
4%
Guitar Hero: Warriors of Rock
4%
Harry Potter and the Order of the Phoenix
4%
Hotel for Dogs
4%
How to Train Your Dragon 2
4%
Indiana Jones and the Staff of Kings
4%
Just Dance: Disney Party
4%
Little King's Story
4%
Madagascar Kartz
4%
Marvel: Ultimate Alliance
4%
MySims Agents
4%
NBA Jam
4%
New Carnival Games
4%
Open Season
4%
Planet 51: The Game
4%
Puppy Luv
4%
Rio
4%
Rodea the Sky Soldier
4%
Shakedown: Hawaii
4%
Star Wars: The Force Unleashed II
4%
Super Monkey Ball: Step & Roll
4%
Tatsunoko vs. Capcom: Ultimate All-Stars
4%
The $1,000,000 Pyramid
4%
Trauma Center: New Blood
4%
Trauma Center: Second Opinion
4%
We Ski
4%
A Boy and His Blob
3%
Arc Rise Fantasia
3%
Balls of Fury
3%
Battalion Wars 2
3%
Ben 10: Protector of Earth
3%
Big Beach Sports
3%
Boom Blox Bash Party
3%
Buck Fever
3%
Build-a-Bear Workshop: A Friend Fur All Seasons
3%
Chibi-Robo! (New Play Control!)
3%
Chicken Blaster
3%
Club Penguin: Game Day!
3%
Cursed Mountain
3%
Dance Dance Revolution
3%
Deadly Creatures
3%
Disney Epic Mickey 2: The Power of Two
3%
Disney Universe
3%
DJ Hero 2
3%
Dragon Ball Z: Budokai Tenkaichi 3
3%
Endless Ocean: Blue World
3%
F1 2009
3%
Ghostbusters: The Video Game
3%
Godzilla: Unleashed
3%
Gummy Bears Mini Golf
3%
Just Dance: Disney Party 2
3%
Madagascar: Escape 2 Africa
3%
Manhunt 2
3%
Marvel: Ultimate Alliance 2
3%
Mini Ninjas
3%
Monsters vs. Aliens
3%
Mortal Kombat: Armageddon
3%
Myth Makers: Trixie in Toyland
3%
Phineas and Ferb: Across the 2nd Dimension
3%
Prince of Persia: The Forgotten Sands
3%
Rock 'n' Roll Adventures
3%
Samba de Amigo
3%
Sega Bass Fishing
3%
Sonic Riders: Zero Gravity
3%
SpongeBob's Atlantis SquarePantis
3%
SPRay
3%
Star Wars: The Clone Wars – Lightsaber Duels
3%
Teenage Mutant Ninja Turtles
3%
Tetris Party Deluxe
3%
The Amazing Race
3%
The Sims 2: Castaway
3%
The Smurfs 2
3%
TMNT
3%
Tony Hawk: Ride
3%
Transformers: Dark of the Moon
3%
WWE SmackDown vs. Raw 2009
3%
101-in-1 Party Megamix
2%
10 Minute Solution
2%
ABBA: You Can Dance
2%
Active Life: Outdoor Challenge
2%
AFL
2%
Alan Hansen's Sports Challenge
2%
Alice in Wonderland
2%
Alvin and the Chipmunks: The Squeakquel
2%
Another Code: R – A Journey into Lost Memories
2%
Arcade Zone
2%
Atrévete a Soñar
2%
Avatar: The Last Airbender – The Burning Earth
2%
Bakugan Battle Brawlers
2%
Balloon Pop
2%
Barbie Horse Adventures: Riding Camp
2%
Barnyard
2%
Batman: The Brave and the Bold – The Videogame
2%
Battleship
2%
Bee Movie Game
2%
Ben 10 Alien Force: Vilgax Attacks
2%
Ben 10: Galactic Racing
2%
Ben 10: Omniverse
2%
Ben 10: Omniverse 2
2%
Ben 10 Ultimate Alien: Cosmic Destruction
2%
Bienvenue chez les Chtis
2%
Bit.Trip Complete
2%
Bratz: The Movie
2%
Brunswick Pro Bowling
2%
Build 'n Race
2%
Bully: Scholarship Edition
2%
Cabela's Big Game Hunter
2%
Calling
2%
Call of Duty: Modern Warfare — Reflex Edition
2%
Carnival Games: Mini-Golf
2%
Cars Mater-National Championship
2%
Cartoon Network: Punch Time Explosion XL
2%
Castlevania Judgment
2%
Circus
2%
Cloudy with a Chance of Meatballs
2%
Code De La Route
2%
Conduit 2
2%
Cooking Mama: Cook Off
2%
Cooking Mama: World Kitchen
2%
Cosmic Family
2%
Create
2%
Cruise Ship Vacation Games
2%
Cyberbike
2%
Dance Party Pop Hits!
2%
Data East Arcade Classics
2%
Dead Rising: Chop Till You Drop
2%
Deca Sports 3
2%
Despicable Me
2%
Dewy's Adventure
2%
Disaster: Day of Crisis
2%
Disney Sing It
2%
Disney Sing It: Family Hits
2%
Disney Sing It: Party Hits
2%
Disney Sing It: Pop Hits
2%
Donkey Kong Jungle Beat (New Play Control!)
2%
Dragon Ball Z: Budokai Tenkaichi 2
2%
Dragon's Lair Trilogy
2%
Drawn to Life: The Next Chapter
2%
EA Sports Active
2%
Elebits
2%
Escape from Bug Island
2%
Family Feud 2010 Edition
2%
Family Feud 2012 Edition
2%
Family Feud Decades
2%
Family Party: 30 Great Games
2%
Final Fantasy Crystal Chronicles: The Crystal Bearers
2%
Fragile Dreams: Farewell Ruins of the Moon
2%
Furu Furu Park
2%
Geometry Wars: Galaxies
2%
G-Force
2%
Ghost Squad
2%
Grease
2%
Green Lantern: Rise of the Manhunters
2%
Guilty Gear XX Accent Core
2%
Guitar Hero Smash Hits
2%
Guitar Hero: Van Halen
2%
Gummy Bears: Magical Medallion
2%
Hannah Montana: The Movie
2%
Happy Feet Two
2%
Harvest Moon: Animal Parade
2%
Harvest Moon: Tree of Tranquility
2%
Heatseeker
2%
iCarly 2: iJoin the Click!
2%
Ice Age 2: The Meltdown
2%
Ice Age: Dawn of the Dinosaurs
2%
I'm A Celebrity... Get Me Out of Here!
2%
I Spy Spooky Mansion
2%
Jelly Belly Ballistic Beans
2%
Just Dance: Best Of
2%
Just Dance Kids 2014
2%
Just Dance: Summer Party
2%
Just Dance Wii
2%
Just Dance Wii 2
2%
Kart Racer
2%
Lego The Lord of the Rings
2%
Let's Dance
2%
Let's Sing
2%
Let's Tap
2%
Littlest Pet Shop
2%
Looney Tunes: Acme Arsenal
2%
Lost in Shadow
2%
Madagascar 3: The Video Game
2%
Minute to Win It
2%
M&M's Adventure
2%
Monopoly Streets
2%
Monster High: 13 Wishes
2%
Monster High: Skultimate Roller Maze
2%
Monster Jam
2%
Monster Lab
2%
Mushroom Men: The Spore Wars
2%
MySims Party
2%
MySims Racing
2%
MySims SkyHeroes
2%
Myth Makers Super Kart GP
2%
Naruto: Clash of Ninja Revolution
2%
Naruto: Clash of Ninja Revolution 2
2%
NBA Live 08
2%
NCIS
2%
Need for Speed: Hot Pursuit
2%
Neighborhood Games
2%
Nerf N-Strike
2%
NHL 2K10
2%
NHL 2K11
2%
NHL 2K9
2%
NHL Slapshot
2%
Nickelodeon Dance
2%
Nickelodeon Fit
2%
Nicktoons MLB
2%
Nights: Journey of Dreams
2%
Ninja Reflex
2%
Overlord: Dark Legend
2%
Penguins of Madagascar
2%
Petz: Catz 2
2%
Petz: Crazy Monkeyz
2%
Petz: Dogz 2
2%
Phineas and Ferb: Quest for Cool Stuff
2%
Pimp My Ride
2%
Pirates Plund-Arrr
2%
Pizza Delivery Boy
2%
Planet Basket 2009/2010
2%
Power Punch
2%
Pro Evolution Soccer 2008
2%
Pro Evolution Soccer 2009
2%
Pro Evolution Soccer 2010
2%
Pro Evolution Soccer 2011
2%
Pro Evolution Soccer 2012
2%
Pro Evolution Soccer 2013
2%
Project Zero 2: Wii Edition
2%
Purr Pals
2%
Puss in Boots
2%
Rampage: Total Destruction
2%
Rango
2%
Resident Evil Archives: Resident Evil
2%
Resident Evil Archives: Resident Evil Zero
2%
Resident Evil: The Darkside Chronicles
2%
Resident Evil: The Umbrella Chronicles
2%
Retro City Rampage DX+
2%
Rudolph the Red-Nosed Reindeer
2%
Rune Factory Frontier
2%
Samurai Shodown Anthology
2%
Scooby-Doo! and the Spooky Swamp
2%
Scooby-Doo! First Frights
2%
Shaun White Skateboarding
2%
Shaun White Snowboarding: Road Trip
2%
Skate It
2%
Soulcalibur Legends
2%
Space Camp
2%
Space Chimps
2%
Spider-Man: Edge of Time
2%
Spider-Man: Friend or Foe
2%
Spider-Man: Shattered Dimensions
2%
Spider-Man: Web of Shadows
2%
SpongeBob's Boating Bash
2%
SpongeBob SquarePants: Creature from the Krusty Krab
2%
SpongeBob's Truth or Square
2%
Spore Hero
2%
Spy Games: Elevator Mission
2%
Star Wars: The Clone Wars - Republic Heroes
2%
Surf's Up
2%
Tales of Graces
2%
Tales of Symphonia: Dawn of the New World
2%
Target: Terror
2%
The Biggest Loser
2%
The Black Eyed Peas Experience
2%
The Cube
2%
The Golden Compass
2%
The Grim Adventures of Billy & Mandy
2%
The House of the Dead 2 & 3 Return
2%
The Legend of Spyro: Dawn of the Dragon
2%
The Legend of Spyro: The Eternal Night
2%
The Lord of the Rings: Aragorn's Quest
2%
The Monkey King: The Legend Begins
2%
The Sims 2: Pets
2%
The Voice
2%
The X-Factor
2%
Thrillville: Off the Rails
2%
Tiger Woods PGA Tour 07
2%
Tiger Woods PGA Tour 08
2%
Tomb Raider: Anniversary
2%
Tony Hawk's Downhill Jam
2%
Tony Hawk: Shred
2%
Transformers: Cybertron Adventures
2%
Transformers: Revenge of the Fallen
2%
Transformers: The Game
2%
TV Show King Party
2%
We Dare
2%
We Love Golf!
2%
We Ski & Snowboard
2%
Where the Wild Things Are
2%
Wipeout: Create & Crash
2%
Wonder World Amusement Park
2%
WWE '12
2%
WWE '13
2%
WWE SmackDown vs. Raw 2008
2%
WWE SmackDown vs. Raw 2010
2%
WWE SmackDown vs. Raw 2011
2%
X-Men: Destiny
2%
X-Men Origins: Wolverine
2%
You Don't Know Jack
2%
Zumba Fitness 2
2%
101-in-1 Sports Party Megamix
1%
2010 FIFA World Cup South Africa
1%
Active Life: Explorer
1%
Active Life: Extreme Challenge
1%
Active Life: Magical Carnival
1%
Aliens in the Attic
1%
All Star Cheer Squad
1%
All Star Cheer Squad 2
1%
All Star Karate
1%
Alone in the Dark
1%
Alvin and the Chipmunks: Chipwrecked
1%
American Mensa Academy
1%
America's Next Top Model
1%
And-Kensaku
1%
Angry Birds Star Wars
1%
Arcade Shooting Gallery
1%
Ashes Cricket 2009
1%
Baby & Me
1%
Back to the Future: The Game
1%
Backyard Baseball '09
1%
Backyard Baseball '10
1%
Backyard Football
1%
Backyard Football '09
1%
Backyard Football '10
1%
Barbie and her Sisters: Puppy Rescue
1%
Barbie and the Three Musketeers
1%
Barbie as the Island Princess
1%
Barbie: Dreamhouse Party
1%
Barbie: Groom and Glam Pups
1%
Barbie: Jet, Set & Style!
1%
Baseball Blast!
1%
Bass Pro Shops: The Hunt
1%
Bass Pro Shops: The Hunt – Trophy Showdown
1%
Bass Pro Shops: The Strike
1%
Battle of the Bands
1%
Battle vs. Chess
1%
Beastly
1%
Big Beach Sports 2
1%
Big Buck Hunter Pro
1%
Bigfoot: Collision Course
1%
Bigfoot: King of Crush
1%
Big League Sports
1%
Big Time Rush: Dance Party
1%
Big Town Shoot Out
1%
Billy the Wizard: Rocket Broomstick Racing
1%
Bionicle Heroes
1%
Birthday Party Bash
1%
Blazing Angels: Squadrons of WWII
1%
Block Party
1%
Bob the Builder: Festival of Fun
1%
Boogie Superstar
1%
Boot Camp Academy
1%
Bratz Girlz Really Rock!
1%
Bratz Kidz
1%
Build-a-Bear Workshop: Friendship Valley
1%
Burger Island
1%
Cabela's Big Game Hunter 2010
1%
Cabela's Big Game Hunter 2012
1%
Cabela's Dangerous Hunts 2011
1%
Cabela's Dangerous Hunts 2013
1%
Cabela's North American Adventures
1%
Canada Hunt
1%
Celebrity Sports Showdown
1%
Centipede: Infestation
1%
Charm Girls Club: Pajama Party
1%
Cheggers' Party Quiz
1%
Chuck E. Cheese's Party Games
1%
Chuck E. Cheese's Sports Games
1%
CID The Dummy
1%
Circus Games
1%
City Builder
1%
Cocoto Kart Racer
1%
Cocoto Kart Racer 2
1%
Coraline
1%
Counter Force
1%
Country Dance
1%
Country Dance 2
1%
Dance Dance Revolution Hottest Party
1%
Dance Dance Revolution Hottest Party 2
1%
Dance Dance Revolution Hottest Party 3
1%
Dance Party Club Hits!
1%
Deer Drive
1%
Destroy All Humans! Big Willy Unleashed
1%
Dirt 2
1%
Disney Channel All Star Party
1%
Disney Princess: Enchanted Journey
1%
Disney Sing It! – High School Musical 3: Senior Year
1%
Doctor Who: Return to Earth
1%
Dora the Explorer: Dora Saves the Crystal Kingdom
1%
Dragon Blade: Wrath of Fire
1%
DreamWorks Super Star Kartz
1%
Escape the Museum
1%
Family Fortunes
1%
Far Cry Vengeance
1%
FlatOut
1%
Flip's Twisted World
1%
George of the Jungle and the Search for the Secret
1%
G.I. Joe: The Rise of Cobra
1%
Glacier 2
1%
Glacier 3: The Meltdown
1%
Go, Diego, Go!: Great Dinosaur Rescue
1%
Go, Diego, Go!: Safari Rescue
1%
Goosebumps HorrorLand
1%
Grand Slam Tennis
1%
GT Pro Series
1%
Guilty Gear XX Accent Core Plus
1%
Harry Potter and the Deathly Hallows: Part I
1%
Harry Potter and the Deathly Hallows: Part II
1%
Harvest Moon: Magical Melody
1%
Harvey Birdman: Attorney at Law
1%
Hello Kitty Seasons
1%
Hell's Kitchen: The Video Game
1%
High School Musical: Sing It!
1%
Hollywood Squares
1%
Hot Wheels: Battle Force 5
1%
Imagine Fashion Party
1%
Indianapolis 500 Legends
1%
Ivy the Kiwi?
1%
James Cameron's Avatar: The Game
1%
Jeep Thrills
1%
Jerry Rice & Nitus' Dog Football
1%
Ju-On: The Grudge
1%
Kidz Sports Crazy Golf
1%
Kiki Trick
1%
Knockout Party
1%
Kung Fu Panda: Legendary Warriors
1%
Lost in Blue: Shipwrecked
1%
Luxor 3
1%
Mad Dog McCree Gunslinger Pack
1%
Mad Tracks
1%
Major League Baseball 2K11
1%
Major League Baseball 2K12
1%
Major League Baseball 2K8
1%
Major League Baseball 2K9
1%
Marvel Super Hero Squad
1%
Marvel Super Hero Squad: The Infinity Gauntlet
1%
Megamind: Mega Team Unite
1%
Mercury Meltdown Revolution
1%
Merv Griffin's Crosswords
1%
MIB: Alien Crisis
1%
MiniCopter: Adventure Flight
1%
Monster 4x4: World Circuit
1%
Monster High: Ghoul Spirit
1%
Monster High: New Ghoul in School
1%
Monster Trucks Mayhem
1%
Mr. Bean's Wacky World
1%
My Horse and Me
1%
Myth Makers: Orbs of Doom
1%
Naruto Shippūden: Clash of Ninja Revolution 3
1%
NASCAR Kart Racing
1%
NASCAR Unleashed
1%
NBA Live 09 All-Play
1%
NCAA Football 09 All-Play
1%
Need for Speed: Carbon
1%
Need for Speed: Nitro
1%
Need for Speed: The Run
1%
Nerf N-Strike Elite
1%
NHK Kōhaku Quiz Gassen
1%
Nickelodeon Dance 2
1%
Nicktoons: Attack of the Toybots
1%
North American Hunting Extravaganza
1%
ObsCure: The Aftermath
1%
Opoona
1%
Our House: Party!
1%
Pacific Liberator
1%
Paws & Claws: Pet Resort
1%
Paws & Claws: Pet Vet
1%
Peppa Pig: Fun and Games
1%
Peppa Pig: The Game
1%
Pictionary
1%
Pinball Hall of Fame: The Williams Collection
1%
Pirates of the Caribbean: At World's End
1%
Pirates vs. Ninjas Dodgeball
1%
Pitfall: The Big Adventure
1%
Pocoyo Racing
1%
Pony Friends 2
1%
Pool Party
1%
Power Rangers Samurai
1%
Prince of Persia: Rival Swords
1%
Reader Rabbit 1st Grade
1%
Reader Rabbit 2nd Grade
1%
Reader Rabbit Kindergarten
1%
Reader Rabbit Preschool
1%
Ready 2 Rumble: Revolution
1%
Real Heroes: Firefighter
1%
Rig Racer 2
1%
Saint
1%
Sam & Max: Beyond Time and Space
1%
Sam & Max: Season One
1%
Santa Claus is Comin' to Town!
1%
Scarface: The World Is Yours
1%
Sengoku Basara 3 Utage
1%
Sengoku Basara: Samurai Heroes
1%
Shiren the Wanderer
1%
SimAnimals
1%
Sleepover Party
1%
Sniper Elite
1%
Soul Eater: Monotone Princess
1%
Spectrobes: Origins
1%
Speed
1%
Speed 2
1%
Spellbound Party
1%
SpongeBob SquarePants featuring Nicktoons: Globs of Doom
1%
Squeeballs Party
1%
SSX Blur
1%
Super Fruit Fall
1%
Super Sonic Racer
1%
Swords
1%
Taiko no Tatsujin Wii
1%
Tak and the Guardians of Gross
1%
Takt of Magic
1%
Tatsunoko vs. Capcom: Cross Generation of Heroes
1%
Teenage Mutant Ninja Turtles: Smash-Up
1%
Tenchu: Shadow Assassins
1%
The Bigs
1%
The Bigs 2
1%
The Chronicles of Narnia: Prince Caspian
1%
The Daring Game for Girls
1%
The Last Airbender
1%
The Munchables
1%
The Penguins of Madagascar: Dr. Blowhole Returns - Again!
1%
The Price is Right: 2010 Edition
1%
The Price Is Right: Decades
1%
The Princess and the Frog
1%
The Sky Crawlers: Innocent Aces
1%
The Ultimate Battle of the Sexes
1%
The Voice 2
1%
The Voice 3
1%
Thomas & Friends: Hero of the Rails
1%
Tiger Woods PGA Tour 10
1%
Tiger Woods PGA Tour 11
1%
Tomb Raider: Underworld
1%
Tom Clancy's Splinter Cell: Double Agent
1%
Tony Hawk's Proving Ground
1%
Top Spin 3
1%
Totally Spies! Totally Party
1%
Tournament of Legends
1%
Transformers: Prime – The Game
1%
Turbo: Super Stunt Squad
1%
Ultimate Band
1%
Ultimate Duck Hunting
1%
Ultimate I Spy
1%
U-Sing
1%
We Sing
1%
We Sing 80s
1%
We Sing Encore
1%
We Wish You a Merry Christmas
1%
Wing Island
1%
World of Zoo
1%
WWE All Stars
1%
Yamaha Supercross
1%
Yogi Bear
1%
Zangeki no Reginleiv
1%
Zumba Kids
1%
250 Mannin no Kanken Wii de Tokoton Kanji Nou
0%
428: Shibuya Scramble
0%
Academy of Champions: Soccer
0%
ACB Total 2010/2011
0%
Adibou and Magical Seasons
0%
Agatha Christie: And Then There Were None
0%
Agatha Christie: Evil Under the Sun
0%
Agent Hugo: Hula Holiday
0%
Agent Hugo: Lemoon Twist
0%
Akko de Pon! Ikasama Hourouki
0%
Aladdin Magic Racer
0%
Alien Monster Bowling League
0%
Alien Syndrome
0%
All Round Hunter
0%
AMF Bowling Pinbusters!
0%
AMF Bowling World Lanes
0%
Andrew Lloyd Webber Musicals: Sing and Dance
0%
Angry Birds Trilogy
0%
Animal Kingdom: Wildlife Expedition
0%
Animal Planet: Vet Life
0%
Anime Slot Revolution: Pachi-Slot Kidou Senshi Gundam II – Ai Senshi Hen
0%
Anpanman Niko Niko Party
0%
Aqua Panic!
0%
Aquarius Baseball
0%
Arcade Shooter: Ilvelo
0%
Arctic Tale
0%
Are You Smarter Than a 5th Grader?: Back to School
0%
Are You Smarter Than a 5th Grader?: Game Time
0%
Are You Smarter Than a 5th Grader?: Make the Grade
0%
Armin van Buuren: In the Mix
0%
Army Men: Soldiers of Misfortune
0%
Army Rescue
0%
Around the World in 50 Games
0%
Arthur and the Revenge of Maltazard
0%
Asterix at the Olympic Games
0%
Astro Boy: The Video Game
0%
Attack of the Movies 3D
0%
ATV Quad Kings
0%
Avatar: The Last Airbender – Into the Inferno
0%
Babysitting Party
0%
Backyard Sports: Rookie Rush
0%
Backyard Sports: Sandlot Sluggers
0%
Bakugan: Defenders of the Core
0%
Baroque
0%
Basketball Hall of Fame: Ultimate Hoops Challenge
0%
Bass Pro Shops: The Strike – Tournament Edition
0%
Battle of Giants: Dinosaurs Strike
0%
Battle Rage: Mech Conflict
0%
Beach Fun Summer Challenge
0%
Beat the Intro
0%
Benjamin Blümchen: Törööö im Zoo
0%
Bermuda Triangle: Saving the Coral
0%
Beyblade: Metal Fusion – Battle Fortress
0%
Bibi Blocksberg: Das grosse Hexenbesen-Rennen!
0%
Bibi Blocksberg: Das grosse Hexenbesen-Rennen! 2
0%
Bibi & Tina: Das Große Reiterfest
0%
Big League Sports: Summer
0%
Billy's Boot Camp: Wii de Enjoy Diet!
0%
Blast Works: Build, Trade, Destroy
0%
Bleach: Shattered Blade
0%
Bleach: Versus Crusade
0%
Bomberman Blast
0%
Bomberman Land
0%
Brave: A Warrior's Tale
0%
Broken Sword: The Shadow of the Templars – Director's Cut
0%
Brothers in Arms: Earned in Blood[4]
0%
Brothers in Arms: Road to Hill 30[5]
0%
Brunswick Zone Cosmic Bowling
0%
B-Units: Build it!
0%
Burger Bot
0%
Bust-a-Move Bash!
0%
Busy Scissors
0%
Cabela's Adventure Camp
0%
Cabela's African Adventures
0%
Cabela's Dangerous Hunts 2009
0%
Cabela's Hunting Expeditions
0%
Cabela's Legendary Adventures
0%
Cabela's Monster Buck Hunter
0%
Cabela's Outdoor Adventures
0%
Cabela's Survival: Shadows of Katmai
0%
Cabela's Trophy Bucks
0%
Cake Mania: In the Mix!
0%
Calvin Tucker's Redneck: Farm Animals Racing Tournament
0%
Calvin Tucker's Redneck Jamboree
0%
Candace Kane's Candy Factory
0%
Captain Morgane and the Golden Turtle
0%
Cars Toon: Mater's Tall Tales
0%
Casper's Scare School: Spooky Sports Day
0%
Castle of Shikigami III
0%
Cate West: The Vanishing Files
0%
Challenge Me: Brain Puzzles 2
0%
Challenge Me: Word Puzzles
0%
Champion Jockey: G1 Jockey & Gallop Racer
0%
Championship Foosball
0%
Chaos à La Maison
0%
Chaotic: Shadow Warriors
0%
Chess Crusade
0%
Chevrolet Camaro: Wild Ride
0%
Chicken Riot
0%
Chrysler Classic Racing
0%
Chuck E. Cheese's Super Collection
0%
Classic British Motor Racing
0%
Clever Kids: Creepy Crawlies
0%
Clever Kids: Farmyard Fun
0%
Clever Kids: Pet Store
0%
Clever Kids: Pirates
0%
Cocoto Festival
0%
Cocoto Magic Circus
0%
Cocoto Surprise
0%
Code Lyoko: Quest for Infinity
0%
Cold Stone Creamery: Scoop It Up
0%
Combat Wings: The Great Battles of WWII
0%
Cook Wars
0%
Countdown: The Game
0%
Cranium Kabookii
0%
Crayola Colorful Journey
0%
Crayon Shin-chan: Saikyou Kazoku Kasukabe King Wii – Shin Chan: Nuevas Aventuras
0%
Crazy Chicken Tales
0%
Crazy Climber Wii
0%
Crazy Machines
0%
Crazy Mini Golf 2
0%
Crazy Quiz!: Are You Crazy Enough?
0%
Cruis'n
0%
CSI: Deadly Intent
0%
CSI: Fatal Conspiracy
0%
CSI: Hard Evidence
0%
Daikaijuu Battle Ultra Coliseum
0%
Daikaijuu Battle Ultra Coliseum DX: Ultra Senshi Daishuketsu
0%
Dance Dance Revolution Disney Grooves
0%
Dance Dance Revolution II
0%
Dance Dance Revolution Winx Club
0%
Dance! It's Your Stage
0%
Dance on Broadway
0%
Dance Sensation!
0%
Dancing on Ice
0%
Dancing with the Stars
0%
Dancing with the Stars: We Dance!
0%
Darts Wii Deluxe
0%
Dave Mirra BMX Challenge
0%
Dawn of Discovery
0%
Deadliest Catch: Sea of Chaos
0%
Deal or No Deal: Special Edition
0%
Deal or No Deal: The Banker is Back
0%
Death Jr. II: Root of Evil
0%
Deepak Chopra's Leela
0%
Deer Drive Legends
0%
Defendin' de Penguin
0%
Def Jam Rapstar
0%
Densha de Go! Sanyo- Shinkansen EX
0%
De Ontdekker en het Mysterie van de Diamanten Scarabee
0%
Der Bauernhof
0%
Der Fluch der Osterinsel
0%
Detective Conan: Mirage of Remembrance
0%
Diabolik: The Original Sin
0%
Die drei Fragezeichen: Das verfluchte Schloss
0%
Die Montagsmaler und andere Malspiele
0%
Dino Strike
0%
Disney Guilty Party
0%
Disney Planes
0%
Disney Planes: Fire & Rescue
0%
Disney Princess: Enchanting Storybooks
0%
Disney Princess: My Fairytale Adventure
0%
Disney's Chicken Little: Ace in Action
0%
Disney Tangled: The Video Game
0%
Disney Think Fast
0%
Disney Violetta: Rhythm & Music
0%
Diva Girls: Divas on Ice
0%
Doala de Wii
0%
Doctor Fizzwizzle's Animal Rescue
0%
Dodge Racing: Charger vs. Challenger
0%
Domino Rally
0%
Don King Boxing
0%
Dood's Big Adventure
0%
Doraemon Wii: Himitsu Douguou Ketteisen
0%
Dora the Explorer: Dora's Big Birthday Adventure
0%
Dragon Ball: Revenge of King Piccolo
0%
Dragon Quest 25th Anniversary: Famicom & Super Famicom Dragon Quest I-II-III
0%
Dragon Quest: Monster Battle Road Victory
0%
Dragon Quest Swords: The Masked Queen and the Tower of Mirrors
0%
Dragon Quest X: Inishie no Ryuu no Denshou Online (Expansion)
0%
Dragon Quest X: Mezameshi Itsutsu no Shuzoku Online
0%
Dragon Quest X: Nemureru Yuusha to Michibiki no Meiyuu Online (Expansion)
0%
Drawsome! Sketch Quest
0%
Dream Dance & Cheer
0%
Dream Pinball 3D
0%
Dream Salon
0%
Driver: Parallel Lines
0%
Driver: San Francisco
0%
DT Carnage
0%
EA Playground
0%
Earache Extreme Metal Racing
0%
Earth Seeker
0%
EA Sports Active 2
0%
EA Sports Active: More Workouts
0%
EA Sports Active NFL Training Camp
0%
El Chavo
0%
Ellen Whitaker's Horse Life
0%
Emergency Heroes
0%
Emergency Mayhem
0%
Enclave: Shadows of Twilight
0%
Ennichi no Tatsujin
0%
Everyone Sing
0%
ExerBeat
0%
Eyeshield 21: Field no Saikyou Senshi Tachi
0%
FaceBreaker K.O. Party
0%
Family Challenge Wii
0%
Family Fest Presents Circus Games
0%
Family Fest Presents Movie Games
0%
Family Fun Football
0%
Family Game Night 4: The Game Show
0%
Family Gameshow
0%
Family Jockey
0%
Family Party: 30 Great Games Outdoor Fun
0%
Family Party: 30 Great Games Winter Fun
0%
Family Party: Fitness Fun
0%
Family Quiz
0%
Fantastic Football Fan Party
0%
Fantastic Four: Rise of the Silver Surfer
0%
Fantasy Aquarium World
0%
Fast Food Panic
0%
Ferrari Challenge: Trofeo Pirelli
0%
Ferrari: The Race Experience
0%
Final Fantasy Crystal Chronicles: Echoes of Time
0%
Final Fantasy Fables: Chocobo's Dungeon
0%
Fishing Master
0%
Fishing Master World Tour
0%
Fishing Resort
0%
Fit & Fun
0%
Fit in Six
0%
Fit Music
0%
Fix It: Home Improvement Challenge
0%
Food Network: Cook or Be Cooked!
0%
Ford Racing: Off Road
0%
Fort Boyard: Le Jeu
0%
Freddi Fish in Kelp Seed Mystery
0%
Free Running
0%
Fritz Chess
0%
Fullmetal Alchemist: Akatsuki no Ōji
0%
Fullmetal Alchemist: Tasogare no Shōjo
0%
G1 Jockey Wii
0%
G1 Jockey Wii 2008
0%
Galileo Mystery: The Crown of Midas
0%
Gallop & Ride
0%
GeGeGe no Kitarō: Yoaki Daiundokai
0%
Gem Smashers
0%
Generator Rex: Agent of Providence
0%
Geon Cube
0%
Germany's Next Top Model 2009
0%
Germany's Next Top Model 2010
0%
Germany's Next Top Model 2011
0%
Get Fit with Mel B
0%
Get Up and Dance
0%
Get Up Games: Family Sports
0%
Ginsei Table Games Wii
0%
Gintama: Yorozuya Chuubu
0%
Golden Balls
0%
Gold's Gym: Cardio Workout
0%
Gold's Gym: Dance Workout
0%
Go Play: Circus Star
0%
Go Play: City Sports
0%
Go Play Lumberjacks
0%
Gormiti: The Lords of Nature!
0%
Go West! A Lucky Luke Adventure
0%
Great Party Games
0%
Greg Hastings Paintball 2
0%
Gremlins Gizmo
0%
Grey's Anatomy: The Video Game
0%
Groovin' Blocks
0%
GTI Club: Supermini Festa!
0%
Guinness World Records: The Video Game
0%
Gunblade NY & LA Machineguns: Arcade Hits Pack
0%
Gunslingers
0%
Hamster Heroes
0%
Haneru no Tobira Wii: Girigirissu
0%
Hannah Montana: Spotlight World Tour
0%
Happy Dance Collection
0%
Happy Neuron Academy
0%
Harley Davidson: Road Trip
0%
Harley Pasternak's Hollywood Workout
0%
Harukanaru Toki no naka de 4
0%
Hasbro Family Game Night
0%
Hasbro Family Game Night 2
0%
Hasbro Family Game Night 3
0%
Haunted House
0%
Heathcliff!: The Fast and the Furriest
0%
Heavenly Guardian
0%
Heavy Fire: Afghanistan
0%
Help Wanted
0%
Hidden Mysteries: Titanic
0%
High School Musical 3: Senior Year Dance
0%
Honda ATV Fever
0%
Hooked! Again: Real Motion Fishing
0%
Hooked! Real Motion Fishing
0%
Horrible Histories: Ruthless RomansPAL
0%
Horrid Henry
0%
Horse Life Adventures
0%
Hot Wheels: Beat That!
0%
Hot Wheels Track Attack
0%
Hugo: Magic In The Troll Woods
0%
Hula Wii: Hula de Hajimeru – Bi to Kenkou!
0%
Hula Wii: Motto Jouzu no Fura o Odorou!!
0%
Hunting Challenge
0%
Hyper Fighters
0%
Hysteria Hospital: Emergency Ward
0%
Ice Age: Continental Drift – Arctic Games
0%
Igor
0%
Ikenie no Yoru
0%
Illvelo Wii
0%
I Love Horses: Rider's Paradise
0%
Imabikisō Kaimei Hen
0%
Imagine: Party Babyz
0%
Impossible Mission
0%
Inazuma Eleven GO Strikers 2013
0%
Inazuma Eleven Strikers
0%
Inazuma Eleven Strikers 2012 Xtreme
0%
International Athletics
0%
Intervilles, le jeu officiel
0%
Iron Chef America: Supreme Cuisine
0%
Isometric & Karate Exercise: Wii de Kotsuban Fitness
0%
Issho ni Asobou! Dream Theme Park
0%
Jakers! Kart Racing
0%
Jakers! Let's Explore
0%
Jambo! Safari Animal Rescue
0%
Jawa: Mammoth to Himitsu no Ishi
0%
Jaws: Ultimate Predator
0%
Jenga World Tour
0%
Jewel Master: Cradle of Rome
0%
Jewel Quest Trilogy
0%
Jigsaw Puzzle: Kyo no Wanko
0%
Jikkyō Powerful Pro Yakyū 15
0%
Jikkyō Powerful Pro Yakyū Next
0%
Jikkyō Powerful Pro Yakyū Wii
0%
Jikkyō Powerful Pro Yakyū Wii Ketteiban
0%
Jikkyoū Powerful Pro Yakyū 2009
0%
Jillian Michaels' Fitness Ultimatum 2009
0%
Jillian Michaels' Fitness Ultimatum 2010
0%
Jillian Michaels' Fitness Ultimatum 2011
0%
Jimmie Johnson's Anything with an Engine
0%
Jinsei Game Happy Family
0%
Jinsei Game: Happy Family Gotouchi Neta Zouryou Shiage
0%
Jinsei Game Wii
0%
Jinsei Game Wii EX
0%
Jissen Pachi-Slot Pachinko Hisshôhô! Hokuto no Ken
0%
Jumper: Griffin's Story
0%
JumpStart Crazy Karts
0%
JumpStart: Escape from Adventure Island
0%
JumpStart: Get Moving Family Fitness
0%
JumpStart: Pet Rescue
0%
Jungle Kartz
0%
Junior Fitness Trainer
0%
Junior League Sports
0%
Jurassic: The Hunted
0%
K11: Kommissare im Einsatz
0%
Kamen Rider: Climax Heroes Fourze
0%
Kamen Rider: Climax Heroes OOO
0%
Kamen Rider: Climax Heroes W
0%
Kamen Rider: Dragon Knight
0%
Kamen Rider: Super Climax Heroes
0%
Kanken Wii (Zaidan Houjin Nippon Kanji Nouryoku Kentei Kyoukai Kounin: Kanken Wii Kanji Ou Ketteisen)
0%
Karaoke Joysound: Duet Song
0%
Karaoke Joysound DX
0%
Karaoke Joysound: Enka
0%
Karaoke Joysound: Super DX: Hitori de Minna de Utai Houdai!
0%
Karaoke Joysound (Wii)
0%
Karaoke Revolution
0%
Karaoke Revolution Glee
0%
Karaoke Revolution Glee: Volume 2
0%
Karaoke Revolution Glee: Volume 3
0%
Karaoke Revolution Presents: American Idol Encore
0%
Karaoke Revolution Presents: American Idol Encore 2
0%
Katekyo Hitman Reborn! Dream Hyper Battle!
0%
Katekyo Hitman Reborn! Kindan no Yami no Delta
0%
Kawasaki Jet Ski
0%
Kawasaki Quad Bikes
0%
Kawasaki Snowmobiles
0%
Kekkaishi: Kokubōrō no Kage
0%
Kevin Van Dam's Big Bass Challenge
0%
Kid Adventures: Sky Captain
0%
Kid Fit Island Resort
0%
Kid Paddle: Lost in the Game
0%
Kidz Bop Dance Party
0%
Kidz Sports Basketball
0%
Kidz Sports Ice Hockey
0%
Kidz Sports International Soccer
0%
King of Clubs
0%
King of Pool
0%
Kitty Luv
0%
Kororinpa: Marble Mania
0%
Kotoba no Puzzle: Mojipittan Wii Deluxe
0%
K-pop Dance Festival
0%
Kylie: Sing & Dance
0%
Legend of the Dragon
0%
Legend of the Guardians: The Owls of Ga'Hoole
0%
Lernerfolg Grundschule Deutsch
0%
Lernerfolg Grundschule Englisch
0%
Lernerfolg Grundschule Mathematik
0%
Lernerfolg Grundschule Power Mathe
0%
L'esprit du Loup
0%
Let's Paint
0%
Let's Party
0%
Let's Play Ballerina
0%
Let's Play Garden
0%
Let's Sing 2014
0%
Let's Sing 2015
0%
Let's Sing 2016
0%
Let's Sing 2016: Hits Français
0%
Let's Sing 2017
0%
Let's Sing 2018
0%
Let's Sing 2019
0%
Let's Sing 6: Version Española
0%
Let's Sing 7: Version Española
0%
Let's Sing 8: Version Española
0%
Let's Sing @ Radio Italia
0%
Line Rider 2: Unbound
0%
Little League World Series Baseball 2008
0%
Little League World Series Baseball 2009
0%
Littlest Pet Shop: Friends
0%
London Taxi: Rush Hour
0%
Los 40 Principales Karaoke Party
0%
Los 40 Principales Karaoke Party 2
0%
Love is... in bloom: The Flower Shop Garden
0%
Lucha Libre AAA: Héroes del Ring
0%
Luxor: Pharaoh's Challenge
0%
Mahjong Kakutou Club Wii: Wi-Fi Taiou
0%
Mahjong Party Pack
0%
Mahjong Taikai Wii
0%
Mahō Sensei Negima!? Neo-Pactio Fight!!
0%
Major Dream: Major Wii Nagero! Gyroball
0%
Major Dream: Major Wii Perfect Closer
0%
Major League Baseball 2K10
0%
Major Minor's Majestic March
0%
Man vs. Wild
0%
Marble Saga: Kororinpa
0%
Margot's Bepuzzled
0%
Margot's Word Brain
0%
Marines Modern Urban Combat
0%
Martian Panic
0%
Marvel Super Heroes 3D: Grandmaster's Challenge
0%
Marvel Super Hero Squad: Comic Combat
0%
Mary King's Riding School 2
0%
Mathews Bowhunting
0%
Maximum Racing: Crash Car Racer
0%
Maximum Racing: Drag and Stock Racer
0%
Maximum Racing: GP Classic Racing
0%
Maximum Racing: Rally Racer
0%
Maximum Racing: Sprint Cars
0%
Maximum Racing: Super Karts
0%
Maximum Racing: Super Truck Racer
0%
Max & the Magic Marker
0%
Medal of Honor: Heroes 2
0%
Medal of Honor: Vanguard
0%
Medieval Games
0%
Meine ersten Mitsing-Lieder (My First Songs)
0%
Mein neues Leben: Abenteuer auf Tropicana
0%
Metal Slug Anthology
0%
Miburi & Teburi
0%
Milestone Shooting Collection 2
0%
Mini Desktop Racing
0%
Mini Golf Resort
0%
Minna no Joushiki Ryoku TV (Everyone's Common Knowledge Television)
0%
MLB Power Pros
0%
MLB Power Pros 2008
0%
MLB Superstars
0%
Mobile Suit Gundam: MS Sensen 0079
0%
Mom-chan Diet Wii Figureobics by Jung Da-Yeon
0%
Momotaro Dentetsu 16: Moving in Hokkaido!
0%
Momotaro Dentetsu 2010: Sengoku Ishin no Hero Daishūgō! No Maki
0%
Monkey Mischief! Party Time
0%
Monster 4x4: Stunt Racer
0%
Monster Hunter G
0%
Monster Jam: Path of Destruction
0%
Monster Jam: Urban Assault
0%
Monster Mayhem: Build and Battle
0%
Monster Trucks: Ultra Mega Xtreme!!!
0%
Monster Trux: Arenas
0%
Monster Trux Offroad
0%
Moorhuhn Jahrmarkt Party
0%
Mortimer Beckett and the Secrets of Spooky Manor
0%
MotoGP '08
0%
Mountain Sports
0%
Musiic Party: Rock the House
0%
MX vs. ATV: Untamed
0%
My Animal Centre
0%
My Baby First Steps
0%
My Ballet Studio
0%
My Body Coach
0%
My Body Coach 2
0%
My Fitness Coach: Dance Workout
0%
My French Coach
0%
My Horse and Me 2: Riding For Gold
0%
My Horse Club: On the Trail of the Mysterious Appaloosa
0%
My Personal Golf Trainer
0%
My Spanish Coach
0%
Mystery Case Files: The Malgrave Incident
0%
My Vet Practice
0%
My Word Coach
0%
Namco Museum Megamix
0%
Nancy Drew: The White Wolf of Icicle Creek
0%
Naruto Shippūden: Dragon Blade Chronicles
0%
Naruto Shippūden: Gekitō Ninja Taisen! EX
0%
Naruto Shippūden: Gekitō Ninja Taisen! EX 2
0%
Naruto Shippūden: Gekitō Ninja Taisen! EX 3
0%
Naruto Shippūden: Gekitō Ninja Taisen! Special
0%
NASCAR 2011: The Game
0%
NASCAR The Game: Inside Line
0%
Nat Geo Challenge! Wildlife
0%
National Geographic Challenge!
0%
Need for Speed: ProStreet
0%
Need for Speed: Undercover
0%
Neopets Puzzle Adventure
0%
New Unou Kids
0%
Nickelodeon Dora the Explorer: Dora Saves the Snow Princess
0%
Night at the Museum: Battle of the Smithsonian
0%
Ni Hao, Kai-Lan: Super Game Day
0%
Ninja Captains
0%
Nitrobike
0%
Nobunaga's Ambition Kakushin
0%
Nodame Cantabile: Dream Orchestra
0%
North American Hunting Extravaganza 2
0%
Now! That's What I Call Music: Dance & Sing
0%
NPPL Championship Paintball 2009
0%
Ocean Commander
0%
Octomania
0%
Offroad Extreme! Special Edition
0%
Offshore Tycoon
0%
Ōgon no Kizuna
0%
Once Upon A Time
0%
OneChanbara: Bikini Zombie Slayers
0%
One Piece: Unlimited Adventure
0%
One Piece: Unlimited Cruise Episode 1 – The Treasure Beneath The Waves
0%
One Piece: Unlimited Cruise Episode 2: Awakening of a Hero
0%
Oops! Prank Party
0%
Order Up!
0%
Osōji Sentai Clean Keeper
0%
Oyako de Asobo: Miffy no Omocha Bako
0%
Pajama Sam: Don't Fear the Dark
0%
Party Game Box 100
0%
Party Pigs: FarmYard Games
0%
PBR: Out of the Chute
0%
PDC World Championship Darts
0%
PDC World Championship Darts 2009
0%
PDC World Championship Darts: Pro Tour
0%
Pékin Express
0%
Penny Racers Party: Turbo-Q Speedway
0%
Petanque Master
0%
Peter Pan's Playground
0%
Pet Pals: Animal Doctor
0%
Pet Vet: Marine Patrol
0%
Petz: Horse Club
0%
Petz: Horsez 2
0%
Petz Rescue: Wildlife Vet
0%
Petz Sports: Dog Playground
0%
Phantom Brave: We Meet Again
0%
Pheasants Forever: Wingshooter
0%
Pinball Hall of Fame - The Gottlieb Collection
0%
Pirate Blast
0%
Pirates: Hunt for Blackbeard's Booty
0%
Playmobil Circus
0%
Pool Hall Pro
0%
Pop'n Music
0%
PopStar Guitar
0%
Popstars
0%
PreCure All Stars: Everyone Gather Let's Dance!
0%
Press Your Luck: 2010 Edition
0%
Princess Isabella: A Witch's Curse
0%
Princess Lillifee's Magic Fairy
0%
Pro Bull Riders: Out of the Chute
0%
Professor Heinz Wolff's Gravity
0%
Pro Golfer Saru
0%
Project Runway
0%
Pro Yakyuu Family Stadium
0%
PSA World Tour Squash
0%
Pucca's Race for Kisses
0%
Puyo Puyo! 15th Anniversary
0%
Puyo Puyo!! 20th Anniversary
0%
Puyo Puyo 7
0%
Puzzle Challenge: Crosswords and More!
0%
Puzzle Kingdoms
0%
Puzzle Quest: Challenge of the Warlords
0%
Puzzler Collection
0%
Puzzle Series Vol. 1: Sudoku
0%
Puzzle Series Vol.2 Illustlogic + Colorful Logic
0%
Questions pour un Champion
0%
Quiz Party
0%
Racquet Sports
0%
Radirgy Noa Wii
0%
Ram Racing
0%
Rapala Fishing Frenzy
0%
Rapala Pro Bass Fishing
0%
Rapala Tournament Fishing
0%
Rapala We Fish
0%
Raving Rabbids: Travel in Time
0%
Ready Steady Cook
0%
Real Madrid: The Game
0%
Real Stories: Veterinaire
0%
Rebel Raiders: Operation Nighthawk
0%
Rec Room Games
0%
Reel Fishing: Angler's Dream
0%
Reload
0%
Remington Great American Bird Hunt
0%
Remington Super Slam Hunting: Africa
0%
Remington Super Slam Hunting: Alaska
0%
Remington Super Slam Hunting: North America
0%
Rilakkuma: Minna de Goyururi Seikatsu
0%
Ringling Bros. and Barnum & Bailey
0%
Rise of the Guardians: The Video Game
0%
Rock Band Country Track Pack
0%
Rock Band Country Track Pack 2
0%
Rock Band Metal Track Pack
0%
Rock Band Track Pack Classic Rock
0%
Rock Band Track Pack Volume 1
0%
Rock Band Track Pack Volume 2
0%
Rock Blast
0%
Rock Revolution
0%
Rockstar Games Presents Table Tennis
0%
Rogue Trooper: Quartz Zone Massacre
0%
Rolling Stone: Drum King
0%
Roogoo: Twisted Towers
0%
Rooms: The Main Building
0%
RTL Biathlon 2009
0%
Rubik's Puzzle World
0%
Rugby League 3
0%
Runaway 2: The Dream of the Turtle
0%
Rune Factory: Tides of Destiny
0%
Rygar: The Battle of Argus
0%
Safari Adventures: Africa
0%
Safecracker
0%
Sakura Wars: So Long, My Love
0%
Samurai Warriors 3
0%
Samurai Warriors: Katana
0%
Sangokushi 11 (Romance of the Three Kingdoms XI)
0%
Satisfashion
0%
Scene It? Bright Lights! Big Screen!
0%
Scene It? Twilight
0%
Schlag den Raab
0%
Schlag den Raab: Das 2. Spiel
0%
Schlag den Raab: Das 3. Spiel
0%
Science Papa
0%
SCORE International Baja 1000
0%
Scrabble Interactive
0%
SD Gundam: Gashapon Wars
0%
SD Gundam G Generation Wars
0%
SD Gundam G Generation World
0%
SD Gundam: Scad Hammers
0%
Sea Monsters: A Prehistoric Adventure
0%
Secret Files 2: Puritas Cordis
0%
Secret Files: Tunguska
0%
Sengoku Basara 2 Heroes
0%
Sengoku Musou 3 Moushouden
0%
Sesame Street: Cookie's Counting Carnival
0%
Sesame Street: Elmo's A-to-Zoo Adventure
0%
Sesame Street: Elmo's Musical Monsterpiece
0%
Sesame Street: Ready, Set, Grover!
0%
Shanghai (Wii)
0%
Shaun White Snowboarding: World Stage
0%
Shawn Johnson Gymnastics
0%
Sherlock Holmes: The Silver Earring
0%
Shikakui Atama o Maru Kusuru: Kanzen Seiha Wii
0%
Shimano Xtreme Fishing
0%
Showtime Championship Boxing
0%
Shrek's Carnival Craze
0%
Sid Meier's Pirates!
0%
SimAnimals Africa
0%
SimCity Creator
0%
Simple 2000 Series Wii Vol. 1: The Table Game
0%
Simple 2000 Series Wii Vol. 2: The Party Game
0%
Simple Wii Series Vol.1: The Minna de Kaato Reesu
0%
Simple Wii Series Vol.2: The Minna de Basu Duri Taikai
0%
Simple Wii Series Vol.3: The Paatii Kajino
0%
Simple Wii Series Vol.4: The Shuutingu Akushon
0%
Simple Wii Series Vol.5: The Burokku Kuzushi
0%
Simple Wii Series Vol.6: The Waiwai Konbatto
0%
Sing4: The Hits Edition
0%
Six Flags Fun Park
0%
Skate City Heroes
0%
Ski and Shoot
0%
Ski-Doo: Snowmobile Challenge
0%
Skyscraper
0%
Sled Shred
0%
Smart Series Presents: JaJa's Adventure
0%
Smarty Pants
0%
Smiley World Island Challenge
0%
SNK Arcade Classics Vol. 1
0%
So Blonde: Back to the Island
0%
Solitaire & Mahjong
0%
Spaghetti Western Shooter
0%
Speed Racer: The Game
0%
SpeedZone
0%
SpongeBob SquarePants: Plankton's Robotic Revenge
0%
SpongeBob SquigglePants
0%
Sports Party
0%
Springdale: Riding Adventures
0%
Spyborgs
0%
Spy Fox in "Dry Cereal"
0%
Star Trek: Conquest
0%
Storybook Workshop
0%
Story Hour Adventures
0%
Story Hour Fairy Tales
0%
Street Football 2
0%
Studio 100: Het Speeleiland
0%
Sudoku Ball-Detective
0%
Sugoro Chronicle: Migite ni Ken wo Hidarite ni Saikoro wo
0%
Sukeban Shachou Rena
0%
Summer Athletics: The Ultimate Challenge
0%
Summer Challenge: Athletics Tournament
0%
Summer Sports 2: Island Sports Party
0%
Summer Sports: Paradise Island
0%
Summer Stars 2012
0%
Super PickUps
0%
Super Robot Wars NEO
0%
Super Sentai Battle Ranger Cross
0%
Super Swing Golf
0%
Super Swing Golf: Season 2
0%
Sushi Go Round
0%
Suzumiya Haruhi no Gekidō
0%
Suzumiya Haruhi no Heiretsu
0%
Taiko no Tatsujin Wii: Chogouka-Ban
0%
Taiko no Tatsujin Wii: Do Don to 2 Daime
0%
Taiko no Tatsujin Wii: Kettei-Ban
0%
Taiko no Tatsujin Wii: Minna de Party 3 Daime
0%
Tamagotchi no Furifuri Kagekidan
0%
Tamagotchi: Party On!
0%
Team Elimination Games
0%
Télé 7 Jeux: Mots Croisés
0%
Télé 7 Jeux: Mots Fléchés
0%
Tele-Shibai Wii
0%
Telly Addicts
0%
Ten Pin Alley 2
0%
The Adventures of Tintin: The Game
0%
The Ant Bully
0%
The Bachelor: The Video Game
0%
The Biggest Loser: Challenge
0%
The Cages: Pro Style Batting Practice
0%
The Croods: Prehistoric Party!
0%
The Destiny of Zorro
0%
The Garfield Show: Threat of the Space Lasagna
0%
The Godfather: Blackhand Edition
0%
The Hardy Boys: The Hidden Theft
0%
The Hip Hop Dance Experience
0%
The History Channel: Battle for the Pacific
0%
The Island of Dr. Frankenstein
0%
The King of Fighters Collection: The Orochi Saga
0%
The Kore Gang
0%
The Magic Roundabout
0%
The Mummy: Tomb of the Dragon Emperor
0%
The Naked Brothers Band: The Videogame
0%
The Oregon Trail
0%
The Saddle Club
0%
The Secret Saturdays: Beasts of the 5th Sun
0%
The Spiderwick Chronicles
0%
The Tale of Despereaux
0%
The Ultimate Red Ball Challenge
0%
The Voice: I Want You
0%
The Voice of Germany
0%
The Voice of Germany Vol. 2
0%
The World of Golden Eggs: Nori Nori Rhythm-kei
0%
thinkSMART Family
0%
Tiger Woods PGA Tour 09 All-Play
0%
Tiger Woods PGA Tour 12: The Masters
0%
Titanic Mystery
0%
Titeuf Le Film
0%
TNA Impact!
0%
Tokyo Friend Park II Ketteiban: Minna de Chousen! Taikan Attraction
0%
Tom Clancy's Ghost Recon
0%
Tom Clancy's H.A.W.X 2
0%
Top Model Academy
0%
Top Shot Arcade
0%
Top Shot Dinosaur Hunter
0%
Top Spin 4
0%
Top Trumps Adventures
0%
Top Trumps: Doctor Who
0%
Tornado Outbreak
0%
Toshinden
0%
Tournament Pool
0%
Trackmania: Build to Race
0%
Triple Crown Championship Snowboarding
0%
Trivial Pursuit
0%
Trivial Pursuit: Bet You Know It
0%
Tron: Evolution - Battle Grids
0%
Truck Racer
0%
Turbo Trainz
0%
TV Total Events
0%
Twinkle Queen
0%
Twin Strike: Operation Thunder
0%
UFC Personal Trainer
0%
Ultimate Board Game Collection
0%
Ultimate Party Challenge
0%
Ultimate Shooting Collection
0%
Urban Extreme: Street Rage
0%
U-Sing 2
0%
U-Sing Girls Night
0%
U-Sing Johnny Hallyday
0%
Vacation Isle: Beach Party
0%
Vacation Sports
0%
Valhalla Knights: Eldar Saga
0%
Vegas Party
0%
Veggy World
0%
Vertigo
0%
Victorious Boxers: Revolution
0%
Victorious: Taking the Lead
0%
Virtua Tennis 2009
0%
Virtua Tennis 4
0%
Wacky Races: Crash & Dash
0%
Wacky World of Sports
0%
Walk It Out!
0%
Warning: Code De La Route
0%
Water Sports
0%
We Cheer
0%
We Cheer 2
0%
We Dance
0%
We Sing Deutsche Hits
0%
We Sing Deutsche Hits 2
0%
We Sing Down Under
0%
We Sing Pop!
0%
We Sing Robbie Williams
0%
We Sing Rock!
0%
We Sing UK Hits
0%
Where's Waldo: The Fantastic Journey
0%
Who Wants to Be a Millionaire? 1st Edition
0%
Who Wants to Be a Millionaire? (2010)
0%
Who Wants to Be a Millionaire? 2nd Edition
0%
Wicked Monsters Blast!
0%
Wi-Fi Taiô: Gensen Table Games Wii
0%
Wild Earth: African Safari
0%
Wild West Shootout
0%
Winning Eleven Playmaker 2010: Aoki Samurai no Chousen
0%
Winning Post 7 Maximum 2008
0%
Winning Post World
0%
Winning Post World 2010
0%
Winter Blast: 9 Snow & Ice Games
0%
Winter Sports 2011: Go for Gold
0%
Winter Sports 2012: Feel the Spirit
0%
Winter Sports 2: The Next Challenge
0%
Winter Sports 3: The Great Tournament
0%
Winter Sports: The Ultimate Challenge
0%
Winter Stars
0%
WordJong Party
0%
World Championship Athletics
0%
World Championship Poker: Featuring Howard Lederer "All In"
0%
World Party Games
0%
World Series of Poker: Tournament of Champions
0%
World Sports Party
0%
Worms: A Space Oddity
0%
Worms: Battle Islands
0%
WSC Real 08: World Snooker ChampionshipEU
0%
WSC Real 2009: World Snooker ChampionshipEU
0%
WWII Aces
0%
Yatterman Wii: Bikkuri Dokkiri Machine de Mou Race da Koron
0%
Yetisports: Penguin Party Island
0%
Your Shape Featuring Jenny McCarthy
0%
Yu-Gi-Oh 5D's: Master of the Cards
0%
Yu-Gi-Oh 5D's: Wheelie Breakers
0%
Zenkoku Dekotora Matsuri
0%
Zero: Tsukihami no Kamen (Fatal Frame: Mask of the Lunar Eclipse)
0%
ZhuZhu Pets: Featuring The Wild Bunch
0%
Zoo Hospital
0%
Zumba Fitness Core
0%
Zumba Fitness: Join the Party
0%
Zumba Fitness: World Party
0%
No matching quizzes found
Score Distribution
Percent of People with Each Score
Percentile by Number Answered
Your Score History
You have not taken this quiz